| Tag |
First Indicator |
Second Indicator |
Subfields |
| LEADER |
00000cam a2200000 4500 |
| 001 |
in00000674591 |
| 005 |
20151015081830.0 |
| 008 |
771012r18131813miu a 00000 eng d |
| 035 |
|
|
|a (OCoLC)03334956
|
| 035 |
|
|
|9 ACX8343AM
|
| 040 |
|
|
|a DLC
|c AKP
|d TXA
|d UtOrBLW
|
| 049 |
|
|
|a TXAI
|
| 090 |
|
|
|a BF551
|b .L308
|
| 092 |
|
|
|a 917.3
|b Am35, r.496, no.5
|
| 099 |
|
|
|a film
|a B
|a 1512
|a reel
|a 496.5
|
| 100 |
1 |
|
|a Law, Thomas,
|d 1756-1834.
|
| 245 |
1 |
0 |
|a Second thoughts on instinctive impulses.
|
| 264 |
|
3 |
|a Philadelphia :
|b Printed for the author,
|c 1813.
|
| 300 |
|
|
|a 143 pages ;
|c 22 cm.
|
| 336 |
|
|
|a text
|b txt
|2 rdacontent
|
| 337 |
|
|
|a microform
|b h
|2 rdamedia
|
| 338 |
|
|
|a microfilm reel
|b hd
|2 rdacarrier
|
| 500 |
|
|
|a The author's "Thoughts on instinctive impulses" appeared in 1810.
|
| 500 |
|
|
|a Microfilm. Ann Arbor, Mich., University Microfilms [n.d.] (American culture series, Reel 496.5)
|
| 500 |
|
|
|a Microform.
|
| 650 |
|
0 |
|a Emotions.
|
| 999 |
|
|
|a MARS
|
| 999 |
f |
f |
|s 0ec22a46-d623-3b05-886c-0982bf15cc62
|i 8979630b-65f5-3b4e-9de1-0d8d06123f0f
|t 0
|
| 952 |
f |
f |
|p default
|a Texas A&M University
|b College Station
|c Sterling C. Evans Library
|d Evans: Microforms (3rd floor)
|t 0
|e film B 1512 reel 496.5
|h Other scheme
|i microform -- microfilm reel
|
| 998 |
f |
f |
|a film B 1512 reel 496.5
|t 0
|l Evans: Microforms (3rd floor)
|